Add an 'R' Quiz Stats

 Plays Quiz Updated Apr 27, 2019

Support Sporcle.
Go Orange.
Score 0/20 Timer 05:00
5 Plays Today
Before Hint Word % Correct
Picnic ruining bugAnt -> Rant
89.4%
A felineCat -> Cart
88.9%
Snakes do this with their skinShed -> Shred
87.9%
High temperatureHeat -> Heart
87.6%
Eyes, Nose, Lips, CheeksFace -> Farce
86.6%
A common command for a dogStay -> Stray
86%
The end of lifeDeath -> Dearth
85.1%
Muhammad Ali did this like a beeSting -> String
83.9%
2,000 poundsTon -> Torn
83.3%
To stare or rubberneckGape -> Grape
81.2%
Before Hint Word % Correct
A baked rollBun -> Burn
81%
To take to courtSue -> Sure
80.9%
A box or cartonCrate -> Crater
74.5%
A typefaceFont -> Front
62.5%
A province or district of an areaCounty -> Country
55.4%
A creatorMaker -> Marker
54.9%
G-String, Banana Hammock, BikiniThong -> Throng
50.8%
A blemish or stainSpot -> Sport
44.8%
To incline or listLean -> Learn
44.7%
A drubbingBeating -> Berating
13.5%

You're not logged in!

Compare scores with friends on all Sporcle quizzes.
OR
Log In

From the Vault

Pick 6: Planets

by jackaronson23

No more than one will be considered suitable for human life.
Remove Ads.
Support Sporcle.
Get the best of Sporcle when you Go Orange. This ad-free experience offers more features, more stats, and more fun while also helping to support Sporcle. Thank you for becoming a member.

Show Comments

Extras

Top Quizzes Today


Score Distribution

Your Account Isn't Verified!

In order to create a playlist on Sporcle, you need to verify the email address you used during registration. Go to your Sporcle Settings to finish the process.

Report this User

Report this user for behavior that violates our Community Guidelines.

Details: